Integrating 12-steps and psychotherapy helping clients find sobriety and recovery

Guardat en:
Dades bibliogràfiques
Autor principal: OSTEN, Kevin A. Switzer, Robert
Format: Llibre
Idioma:anglès
Publicat: SAGE 2014
Etiquetes: Afegir etiqueta
Sense etiquetes, Sigues el primer a etiquetar aquest registre!

MARC

LEADER 00000nam a22000007a 4500
008 201211b ||||| |||| 00| 0 eng d
020 |a : 978-1-4129-9898-7 
100 |a OSTEN, Kevin A.  |a Switzer, Robert  
245 |a Integrating 12-steps and psychotherapy  |b helping clients find sobriety and recovery  |c Kevin A. Osten, Robert Switzer  |g xii, 219p.; ill. 
260 |b SAGE  |c 2014  |h Los Angeles  |i 692846  |i 692847  |l RC564 .Os7  |m Substance abuse – Treatment  |m Twelve-Steps programs  |m Psychotherapy  |m Addicts – Rehabilitation 
500 |a “It includes bibliographical references and index”. 
942 |a lcc  |c BK  |e O.A.JOHNSON  |f 11/12/20 
952 |0 0  |1 0  |2 lcc  |4 0  |6 RC0564 O S7  |7 0  |9 400  |a HOL  |b ML  |c QZ  |d 2020-12-11  |l 0  |o RC564 .Os7  |p 2020-2133  |r 2020-12-11 00:00:00  |w 2020-12-11  |y BK 
952 |0 0  |1 0  |2 lcc  |4 0  |6 RC0564 O S7  |7 0  |9 401  |a HOL  |b HOL  |c QZ  |d 2020-12-11  |l 0  |o RC564 .Os7  |p 2020-2134  |r 2020-12-11 00:00:00  |w 2020-12-11  |y BK 
999 |c 196  |d 196